| 000 | 00425nam a22001337a 4500 | ||
|---|---|---|---|
| 008 | 240821b |||||||| |||| 00| 0 eng d | ||
| 040 |
_aNational Science Library _cNational Science Library |
||
| 080 |
_a341.16:61 _bK5 |
||
| 245 | _aHandbook of resolutions and decisions of the world health assembly and the execution board | ||
| 250 | _a8th ed. | ||
| 260 |
_aGeneva: _bWHO, _c1965 |
||
| 300 | _a466p. | ||
| 942 |
_2udc _cHDK |
||
| 999 |
_c65943 _d65943 |
||